| 000 | 00366nam a2200145Ia 4500 | ||
|---|---|---|---|
| 008 | 230917s9999||||xx |||||||||||||| ||und|| | ||
| 040 |
_e76296 _aMAIN |
||
| 041 | _aEnglish | ||
| 082 | _a658.42 B466B | ||
| 100 | _aBetts, Peter W | ||
| 245 | 0 | _aBoard and administrative management | |
| 260 |
_aLondon _bBusiness Books _c1977 |
||
| 300 | _axvi, 192 p. | ||
| 942 | _cBK | ||
| 999 |
_c213816 _d213816 |
||